000 01020nam a22002537a 4500
005 20240530110626.0
008 170105s2015 ua g b 000 0 ara d
017 _a17995/2014
_bمصر. دار الكتب
020 _a9789773191993
040 _aEG-CaGPL
_cEG-CaGPL
082 0 4 _221
_a327.5310561\
_bع ع
100 0 _aعباس فاضل عطوان
245 1 2 _aالعلاقات السعودية التركية :
_b2002 - 2010 /
_cعباس فاضل عطوان
250 _aط. 1
260 _aالقاهرة :
_bالعربى للنشر و التوزيع ،
_c2015.
300 _a248 ص. ؛
_c24 سم.
504 _aيشتمل على ارجاعات ببليوجرافية
650 _2qrmak
651 0 7 _2qrmak
_aالسعودية
_xالعلاقات الخارجية
_zتركيا
651 0 7 _2qrmak
_aتركيا
_xالعلاقات الخارجية
_zالسعودية
651 0 7 _2qrmak
_aالسعودية
_xالاحوال السياسية
942 _2ddc
_cBK
999 _c63165
_d63165